00257nam a2200109Ia 4500008004100000100002000041245002500061260002300086260000900109546001200118999001700130170619s9999 xx 000 0 und d aSommerville Ian 0aSoftware Engineering bSingapore; Pearson c2004 aENGLISH c17108d17108